LEADER 00815nam a2200193 i 4500 001 000000047365 003 CaOOAMICUS 005 20120827000000.0 008 120827s1903 it u000 u ita u 013 $a18535 040 $aSeMil$bita 245 10$aCenni storici sugli antichi pievati e castelli della diocesi parmense :$bparte 1. 260 $aParma :$bTipografia sociale operaia,$c1903. 300 $a245 p. ;$c26 cm. 650 4$aParma (Diocesi) - Storia.$0(OLS)http://semarc/subject/3684 850 $aSeMil 852 $aSeMil$W1$xVenegono$y1$m3P IV 55$j13520$B13520$CSeMilBibl$Z2$F13520 $81 996 $6245$aCenni storici sugli antichi pievati e castelli della diocesi parmense :$bparte 1$9(OLS)http://semarc/title/71332 996 $6260$aParma :$bTipografia sociale operaia$9(OLS)http://semarc/publisher/40900 LEADER 01270nam a2200289 i 4500 001 000000092181 003 CaOOAMICUS 005 20030802000000.0 008 030802s1971 fr u000 u mul u 013 $a64423 040 $aSeMil$bita 100 0 $aTertullianus, Quintus Septimius Florens,$d.$0(OLS)http://semarc/name/1146 245 13$aLa toilette des femmes =$bDe cultu feminarum /$cTertullien ; introduction, texte critique, traduction et commentaire de Marie Turcan. 260 $aParis :$bLes Éditions du Cerf,$c1971. 300 $a194 p. ;$c20 cm. 490 0 $aSources Chrétiennes ;$vN°173 500 $aTesto latino a fronte. - Dalla biblioteca del card. Giovanni Colombo. 700 1 $aTurcan, Marie.$0(OLS)http://semarc/name/41040 830 0$aSources chrétiennes ;$vN°173.$0(OLS)http://semarc/title/72 850 $aSeMil 852 $aSeMil$W1$xVenegono$y1$mSL1.T IV 173$j55090$B55090$CSeMilBibl$Z2$F59782 $8I 900 0 $aTertulliano,$d. 941 1 $a3 961 $aLascito: Colombo Card. Giovanni 996 $6245$aLa toilette des femmes =$bDe cultu feminarum$9(OLS)http://semarc/title/138341 996 $6260$aParis :$bLes Éditions du Cerf$9(OLS)http://semarc/publisher/29611